• 首页
  • 本馆介绍
  • 公告通知
  • 最新文献
  • 馆藏检索
  • 电子资源
  • 读者导购
  • 参考咨询
  • 我的图书馆
  • 登录
  • 详细信息显示
  • 放入我的书架
  • 预约/预借图书
  • 作者相关作品
  • 分类相关作品
  • 丛书相关作品
  • 出版社相关作品

书目信息

  • 表格格式
  • 工作单格式
  • 卡片格式
题名:
一生要知道的欧洲艺术名作
    
 
作者: 朱利峰 主编
分册:  
出版信息: 北京   中央编译出版社  2007
页数: 301页
开本: 26cm
丛书名:
单 册:
中图分类: J209.5
科图分类:
主题词: 艺术史--欧洲 , 艺术史 , 绘画理论
电子资源:
ISBN: 7-80109-825-0
000 00817nam0 2200241 450
001 1253231034
005 20121019144806.90
010    @a7-80109-825-0@dCNY58.00
100    @a20070328d2007 em y0chiy50 ea
101 0  @achi
102    @aCN@b110000
105    @aa z 000yy
200 1  @a一生要知道的欧洲艺术名作@Ayi sheng yao zhi dao de ou zhou yi shu ming zuo@f朱利峰主编
210    @a北京@c中央编译出版社@d2007
215    @a301页@c图@d26cm
330    @a本书内容按照不同的历史时期筛选了影响欧洲艺术最深远的近四百件,几十位大师的精品之作,总揽欧洲各个时期艺术精品,使读者更多地领略欧洲的文化、宗教传统及社会政治。
606 0  @a艺术史@y欧洲
606    @a艺术史
606 0  @a绘画理论
690    @aJ209.5@v4
701  0 @a朱利峰@Azhu li feng@4主编
801  0 @aCN@bNLC@c20101222
905    @a10447@dJ209.5@eJY304
    
    一生要知道的欧洲艺术名作/朱利峰主编.-北京:中央编译出版社,2007
    301页:图;26cm
    
    
    ISBN 7-80109-825-0:CNY58.00
    本书内容按照不同的历史时期筛选了影响欧洲艺术最深远的近四百件,几十位大师的精品之作,总揽欧洲各个时期艺术精品,使读者更多地领略欧洲的文化、宗教传统及社会政治。
●
相关链接 在E读中查询图书 在五车中查询图书 在当当中查询图书 在豆瓣中查询图书


正题名:一生要知道的欧洲艺术名作     索取号:J209.5/JY304         预约/预借

序号 登录号 条形码 馆藏地/架位号 状态 备注
1 7833214   278332145   学院路分馆/ [索取号:J209.5/JY304] 在馆    
2 7833215   278332154   学院路分馆/ [索取号:J209.5/JY304] 在馆    
唐山师范学院图书馆 欢迎您!
大连网信软件有限公司© 版权所有